Представление документа в формате RUSMARC

ПолеНазваниеЗначение
  Тип записи a
  Библиографический уровень a
001 Контрольный номер RU/УОНБ/EK_Kray/350660899
005 Дата корректировки 20240131015215.4
100 Данные общей обработки __
a Данные общей обработки 20110210d2011 ||| 0rusy0189 ca
101 Язык документа 0_
a Язык текста rus
102 Страна публикации __
a Страна публикации RU
105 Кодированные данные (монография) __
a Кодированные данные (монография) y###||||000|y
200 Заглавие и сведения об ответственности 1_
a Заглавие Работа школьницы из Ульяновска вошла в сборник "Не одни"
f Первые сведения об ответственности Людмила Дягилева
215 Физическое описание __
c Иллюстрации/тип воспроизводства 1 портр.
225 Серия 1_
a Серия События
330 Аннотация __
a Аннотация Ульяновская школьница Д. Парфёнова приняла участие во Всероссийском поэтическом конкурсе им. Н. Рубцова, её стихи вошли в сборник "Не одни".
461 Уровень набора _0
1 2000
a Новая библиотека
1 011
463 Уровень физической единицы _0
1 001RU/УОНБ/EK_Kray/350660417
1 2000
a № 22
v С. 6
1 210
d 2010
600 Персоналии _1
a Персоналии (Фамилия) Парфенова, Дарья
610 Ключевые слова 0_
a Ключевые слова дети одаренные
610 Ключевые слова 0_
a Ключевые слова молодые поэты
686 Индексы других классификаций __
a Классификационный индекс 83.37.0
2 Код системы rubbk
700 Автор _1
a Фамилия Дягилева
b Имя (инициалы) Л.
g Полное личное имя Людмила
4 Код отношения 070
801 Источник записи _0
a Страна RU
b Организация Ульяновская ОНБ
c Дата составления 20110210
g Правила каталогизации RCR
801 Источник записи _1
a Страна RU
b Организация IS
c Дата составления 20110210
g Правила каталогизации RCR
901 Тип документа __
t Тип документа b
w Контрольный № источника RU/УОНБ/EK_Kray/350660417
909 Создатель записи __
a Создатель записи
938 Служебная информация __
a Имя БД kraeved_work
b Имя библиотеки УОНБ
c Имя АИБС МАРК-SQL
d Номер DOC_ID в БД 73810